| 000 | 00889nam a2200301 i 4500 | ||
|---|---|---|---|
| 003 | CO-BoRNBP | ||
| 005 | 20230615142338.0 | ||
| 007 | ta | ||
| 008 | 200428s2003 ag gr 000 0 spa d | ||
| 020 | _a9580470812 | ||
| 040 |
_aCO-BoRNBP _bspa _cCO-BoRNBP _erda |
||
| 041 | 0 | _aspa | |
| 043 | _as-ag--- | ||
| 084 | _aN BIR1 | ||
| 100 | 1 |
_aBirmajer, Marcelo, _d1966- _eautor _92588 |
|
| 245 | 1 | 0 |
_aUna vida más _bnoticias extrañas, IV _cMarcelo Birmajer |
| 250 | _aPrimera edición | ||
| 264 | 1 |
_aBogotá, Colombia _bNorma _c2003 |
|
| 300 |
_a111 páginas _c19 cm |
||
| 336 |
_2rdacontent _atexto _btxt |
||
| 337 |
_2rdamedia _asin mediación _bn |
||
| 338 |
_2rdacarrier _avolumen _bnc |
||
| 490 | 0 | _aZona libre | |
| 650 | 1 | 7 |
_aNovela juvenil argentina _2ARMARC _9354 |
| 650 | 1 | 7 |
_aLiteratura juvenil argentina _2ARMARC _9355 |
| 650 | 1 | 7 |
_aAutores argentinos _2ARMARC _92129 |
| 942 | _cBKLIT | ||
| 999 |
_c9668 _d9668 |
||